000 00919nam a22003017a 4500
001 BR9801437
003 BR-BrBNA
005 20230928095900.0
007 ta
008 230509b bl.||||| |||| 00| 0 por d
040 _aBR-BrBNA
_bpor
_cBiblioteca Nacional de Agricultura
041 _a(Por)
072 _aD50; F04; P34
_b3840
_b3801
_b3850
090 _ 3840 BR9801437
110 1 _aSecretaria de Estado da Agricultura e do Abastecimento do Parana, Curitiba (Brasil). Depto. de Fiscalizacao
_98781
245 1 _aColetanea da legislacao de fertilizantes, corretivos, inoculantes e biofertilizantes
260 3 _aCuritiba, PR (Brasil):
_c1997.
300 _a124 p.
650 _aLegislacao
650 _aFertilizante
650 _aCorretivo
650 _aBiofertilizante
650 _aInoculante
650 _aDefesa Vegetal
650 _aParana
909 _a202309
_bLucia
_c55
_dLucia Elande
942 _cBK
999 _c59196
_d59196